Autorský zákon a předpisy souvisící

Enregistré dans:
Détails bibliographiques
Format: Livre
Langue:tchèque
Publié: Praha : Orbis, 1975
Édition:2.dopl. a prepr.vyd.
Sujets:
Tags: Ajouter un tag
Pas de tags, Soyez le premier à ajouter un tag!

MARC

LEADER 00000nam a22000003a 4500
001 stu34461
005 20150408180902.5
008 920318s1975----cs------------------cze-d
040 |a STU  |b slo 
041 0 |a cze 
044 |a cs 
080 |a 347.78(094) 
245 |a Autorský zákon a předpisy souvisící 
250 |a 2.dopl. a prepr.vyd. 
260 |a Praha :  |b Orbis,  |c 1975 
300 |a 399 s 
650 7 |a Právo autorské  |2 stusub 
650 7 |a dokumenty právne  |2 stusub 
996 |b 284M035643  |c M*2174-1  |l MMKN  |s A  |a 24  |w stu34461_0001